00442 2200169 4500001002100000008004100021035002000062245005200082100001600134260003400150300002000184020001800204084001500222082001000237650001600247990000900263INLIS000000000002274 ind  a0010-0425002274 aNyi Roro KidulbSeri Cerita RakyatcM. Rantissi aM. Rantissi aJakarta :bBintang Indonesia, a24 hlm.c19 cm. a602-218-341-3 a398.2 M. n a398.2 aM. Rantissi a5998